| 000 | 00662nam a2200205 a 4500 | ||
|---|---|---|---|
| 005 | 20240919064422.0 | ||
| 008 | 160226s2002 mx r 000 0 spa d | ||
| 020 | _a082134997X | ||
| 035 | _aUPN01000208476 | ||
| 049 | _aCG | ||
| 050 | 4 |
_aHF1539 _bD4.8 |
|
| 245 | 0 | 0 |
_aDevelopment, trade, and the WTO : _ba handbook / _ced. Bernard Hoekman. |
| 260 |
_aWashington, D.C. : _bWorld Bank, _c2002. |
||
| 300 |
_axxx, 641 p. : _btablas + _e2 CD-ROM ; 4 3/4 plg. |
||
| 500 | _aSolicita los CD-ROM en el mostrador de préstamo | ||
| 650 | 4 |
_aEconomÃa internacional _914629 |
|
| 650 | 4 |
_aCOMERCIO EXTERIOR _99841 |
|
| 700 | 1 |
_aHoekman, Bernard, _eed. |
|
| 905 | _aLibro | ||
| 999 |
_c180577 _d180577 |
||